| 000 | 005140000a22001570004500 | ||
|---|---|---|---|
| 003 | MACL | ||
| 005 | 20200312165035.0 | ||
| 008 | 171210b xxu||||| |||| 00| 0 eng d | ||
| 040 | _cmacl | ||
| 100 |
_aसंपा. विक्रम नंदकिशोर _969641 |
||
| 245 | _aगालिब शायरी और जीवन | ||
| 260 |
_aदिल्ली _bसाहित्य भारती _c2011 |
||
| 350 | _a395 | ||
| 650 |
_aकविता _969642 |
||
| 942 |
_cHIN _k891.431/VIK/P _2ddc |
||
| 999 |
_c48395 _d48395 |
||